National Assembly Library of Thailand

เอกสารการพิจารณาร่างรัฐธรรมนูญ 10 ธันวาคม 2475 (โดยสภาผู้แทนราษฎรชุดแรก) (ระเบียนเลขที่ 19587)

รายละเอียดในรูปแบบ MARC
000 -LEADER
fixed length control field 00920nam a22002057a 4500
005 - DATE AND TIME OF LATEST TRANSACTION
control field 20260225162128.0
008 - FIXED-LENGTH DATA ELEMENTS--GENERAL INFORMATION
fixed length control field s2542 th tha d
040 ## - CATALOGING SOURCE
Original cataloging agency NALT
041 ## - LANGUAGE CODE
Language code of text/sound track or separate title tha
090 ## - LOCALLY ASSIGNED LC-TYPE CALL NUMBER (OCLC); LOCAL CALL NUMBER (RLIN)
Classification number (OCLC) (R) ; Classification number, CALL (RLIN) (NR) KD23 น217อ 2542
100 0# - MAIN ENTRY--PERSONAL NAME
Personal name นรนิติ เศรษฐบุตร
9 (RLIN) 5071
245 10 - TITLE STATEMENT
Title เอกสารการพิจารณาร่างรัฐธรรมนูญ 10 ธันวาคม 2475 (โดยสภาผู้แทนราษฎรชุดแรก)
260 3# - PUBLICATION, DISTRIBUTION, ETC.
Place of publication, distribution, etc. กรุงเทพฯ :
Name of publisher, distributor, etc. มหาวิทยาลัยธรรมศาสตร์,
Date of publication, distribution, etc. 2542
300 ## - PHYSICAL DESCRIPTION
Extent 212 หน้า :
Other physical details 19 ซม.
650 04 - SUBJECT ADDED ENTRY--TOPICAL TERM
Topical term or geographic name entry element รัฐธรรมนูญ -- ไทย -- 2475
850 ## - HOLDING INSTITUTION
Holding institution NALT
856 40 - ELECTRONIC LOCATION AND ACCESS
Uniform Resource Identifier <a href="https://hdl.handle.net/20.500.14156/460717">https://hdl.handle.net/20.500.14156/460717</a>
-- 1
942 ## - ADDED ENTRY ELEMENTS (KOHA)
Koha item type Law Book
Source of classification or shelving scheme Library of Congress Classification
Koha issues (borrowed), all copies 19
998 ## - LOCAL CONTROL INFORMATION (RLIN)
-- 111
-- นางสาวพจพิณ พรมเอี่ยม
รายการที่มีในห้องสมุด
Withdrawn status Lost status Damaged status Not for loan Collection code Home library Current library Date acquired Total Checkouts Total Renewals Full call number Barcode Date last seen Date last checked out Copy number Price effective from Koha item type Source of classification or shelving scheme
        Law Book collection National Assembly Library of Thailand National Assembly Library of Thailand 09/01/2023 6 4 KD 23 น217อ 2542 3961129034 22/08/2024 15/08/2024 ฉ. 1 09/06/2017 Law Book  
        Law Book collection National Assembly Library of Thailand National Assembly Library of Thailand   1   KD 23 น217อ 2542 3961189165 23/09/2024 05/04/2024 ฉ. 4 09/06/2017 Law Book Library of Congress Classification
        Law Book collection National Assembly Library of Thailand National Assembly Library of Thailand   3 2 KD 23 น217อ 2542 3961129042 11/03/2026 25/02/2026 ฉ. 3 09/06/2017 Law Book Library of Congress Classification
        Law Book collection National Assembly Library of Thailand National Assembly Library of Thailand 03/11/2023 9 5 KD 23 น217อ 2542 3961129040 17/09/2024 10/09/2024 ฉ. 2 09/06/2017 Law Book  
หอสมุดรัฐสภา
สำนักงานเลขาธิการสภาผู้แทนราษฎร เลขที่ 1111 ถนนสามเสน แขวงถนนนครไชยศรี เขตดุสิต กรุงเทพฯ 10300
The Secretariat of the House of Representatives 1111 Samsen Road, Thanon Nakhon Chai Si, Dusit, Bangkok 10300, THAILAND
โทรศัพท์: +66(0) 2242 5900 ต่อ 5714-5 โทรสาร: +66(0) 2242 5990 อีเมล: [email protected]